[Event "TCh-CZE 2010-11"]
[Site "Czech Rep CZE"]
[Date "2010.12.05"]
[Round "4.7"]
[White "Firt,S"]
[Black "Spacek,P"]
[Result "1-0"]
[WhiteElo "2330"]
[BlackElo "2408"]

1.e4 d6 2.d4 Nf6 3.Nc3 e5 4.Nge2 Be7 5.h3 b5 6.a3 Bb7 7.Ng3 exd4 8.Qxd4 a6
9.Bf4 O-O 10.Rd1 Re8 11.Be2 c5 12.Qd2 b4 13.axb4 cxb4 14.Nd5 Nxd5 15.exd5 Nd7
16.O-O Nf6 17.Bf3 a5 18.Rfe1 Rc8 19.Nf5 Bf8 20.Bg5 Rxe1+ 21.Rxe1 Qd7 22.Nh6+ gxh6
23.Bxf6 Qf5 24.Qd4 h5 25.Be4 Qd7 26.Qd3 Bh6  1-0

[Event "Frauenbundesliga 1st Div 2010-11"]
[Site "Germany GER"]
[Date "2010.12.05"]
[Round "4.6"]
[White "Jahn,C"]
[Black "Brendel,B"]
[Result "1/2-1/2"]
[WhiteElo "2146"]
[BlackElo "2065"]

1.e4 d6 2.d4 Nf6 3.Nc3 c6 4.a3 Nbd7 5.Nf3 e5 6.dxe5 dxe5 7.Bc4 Be7 8.O-O O-O
9.Qe2 Qc7 10.h3 b5 11.Bd3 Bb7 12.Nh2 a5 13.Ng4 Nxg4 14.Qxg4 Nf6 15.Qg3 Kh8
16.Qf3 b4 17.axb4 axb4 18.Rxa8 Rxa8 19.Nb1 Ba6 20.Bxa6 Rxa6 21.Nd2 Ra8 22.Nc4 Rd8
23.b3 Bc5 24.Bg5 Qe7 25.Ne3 h6 26.Nf5 Qe6 27.Nxh6 Rd7 28.Nf5 Nh7 29.Be3 Bxe3
30.Qxe3 g6 31.Nh4 Kg7 32.Nf3 Qd6 33.Ra1 Nf8 34.g3 Ne6 35.Kg2 f6 36.h4 Qc5
37.Qxc5 Nxc5 38.Re1 Kf7 39.Re2 Ke6 40.Nd2 Ra7 41.Nc4 Ra2 42.Kf3 Ke7 43.Ke3 Ra1
44.f3 Ne6 45.Kf2 Nd4  1/2-1/2

[Event "Channukah Closed"]
[Site "Haifa ISR"]
[Date "2010.12.05"]
[Round "4.5"]
[White "Aharon,O"]
[Black "Fraas,M"]
[Result "0-1"]
[WhiteElo "2264"]
[BlackElo "2240"]

1.e4 d6 2.d4 Nf6 3.Nc3 e5 4.Nge2 Nbd7 5.h3 Be7 6.g4 c6 7.a4 d5 8.exd5 exd4
9.dxc6 Ne5 10.Bg2 dxc3 11.Qxd8+ Bxd8 12.cxb7 Bxb7 13.Bxb7 Rb8 14.Bf4 cxb2
15.Rb1 Ba5+ 16.Kf1 Rxb7 17.Bxe5 O-O 18.Rxb2 Rxb2 19.Bxb2 Rc8 20.Nd4 h5 21.g5 Ne4
22.h4 Bb6 23.Ke2 Nxf2 24.Rc1 Rc4 25.c3 Ng4 26.Kd3 Rxa4 27.Ra1 Rxa1 28.Bxa1 Kf8
29.Ke4 g6 30.c4 Ke7 31.Bc3 Kd7 32.Nf3 Kd6 33.Bb4+ Bc5 34.Be1 Nf2+ 35.Bxf2 Bxf2
36.Kd3 Kc5 37.Ne5 Bxh4 38.Nxf7 Kb4 39.Ne5 Bxg5 40.Nc6+ Kc5 41.Nxa7 h4 42.Ke4 h3
43.Kf3 Bf4 44.Nc8 g5 45.Ne7 g4+ 46.Kf2 g3+ 47.Kg1 Be3+  0-1

[Event "2nd Pilsen Open"]
[Site "Plzen CZE"]
[Date "2010.12.05"]
[Round "2"]
[White "Gunajew,R"]
[Black "Farrand,J"]
[Result "1-0"]
[WhiteElo "2280"]
[BlackElo "2098"]

1.e4 d6 2.d4 Nf6 3.Nc3 Nbd7 4.f4 e5 5.Nf3 exd4 6.Qxd4 c6 7.Be3 d5 8.e5 Ng4
9.Bg1 Nh6 10.O-O-O Nf5 11.Qd2 Bb4 12.g4 Nh4 13.Nxh4 Qxh4 14.Bf2 Qe7 15.a3 Ba5
16.Be2 b5 17.Kb1 Nb6 18.Nxd5 Bxd2 19.Nxe7 Bxf4 20.Nxc6 Bb7 21.Bxb5 O-O 22.Rhe1 Bxc6
23.Bxc6 Rac8 24.Bb5 Bxh2 25.Bd4 Rfd8 26.c3 h6 27.e6 fxe6 28.Rxe6 Kf7 29.Rde1 Bd6
30.Bd3 Rb8 31.Bb5 Kg8 32.Re8+ Bf8 33.Rxd8 Rxd8 34.Rf1 Rc8 35.Kc2 Bc5 36.Kd3 Be7
37.b4  1-0

[Event "FSIM November"]
[Site "Budapest HUN"]
[Date "2010.12.07"]
[Round "4"]
[White "Tesik,C"]
[Black "Kholopov,A"]
[Result "0-1"]
[WhiteElo "2259"]
[BlackElo "2309"]

1.e4 d6 2.d4 Nf6 3.Nc3 e5 4.Nge2 Be7 5.g3 O-O 6.Bg2 c6 7.O-O b5 8.a3 Nbd7
9.h3 Bb7 10.Be3 a5 11.d5 b4 12.dxc6 Bxc6 13.Nd5 Nxd5 14.exd5 Bb5 15.Re1 Bg5
16.Qd2 Bxe3 17.Qxe3 Qc7 18.Rac1 Qc5 19.b3 Rfc8 20.c4 Ba6 21.a4 Qxe3 22.fxe3 Nc5
23.Rb1 f5 24.Nc1 Kf7 25.Rb2 Rf8 26.Rf2 Ke7 27.e4 g6 28.exf5 gxf5 29.Ref1 Bc8
30.Kh2 Bd7 31.Bf3 Rf6 32.Bd1 Rh6 33.g4 Ne4 34.Rxf5 Bxf5 35.Rxf5 Rf8 36.Rxf8 Kxf8
37.Nd3 Ng5 38.Nf2 e4 39.h4 e3 40.Nd3 Rxh4+  0-1

[Event "Channukah Closed"]
[Site "Haifa ISR"]
[Date "2010.12.07"]
[Round "7.3"]
[White "Axelrod,A"]
[Black "Aharon,O"]
[Result "1/2-1/2"]
[WhiteElo "2386"]
[BlackElo "2264"]

1.e4 d6 2.d4 Nf6 3.Nc3 e5 4.Nge2 Be7 5.h3 h5 6.g3 c6 7.Bg2 b5 8.a3 Nbd7 9.Be3 Bb7
10.O-O a5 11.f4 b4 12.Na4 Qc7 13.dxe5 dxe5 14.fxe5 Nxe5 15.Bb6 Qd6 16.Qxd6 Bxd6
17.Nc5 Ba6 18.Nxa6 Rxa6 19.Bd4 c5 20.Bf2 O-O 21.Rfd1 Re8 22.axb4 cxb4 23.Nf4 Bc7
24.Nd5 Nxd5 25.exd5 Rd8 26.c4 bxc3 27.bxc3 Rf6 28.Ra4 Rb8 29.Rf4 Rxf4 30.gxf4 Nc4
31.Bf1 Nb2 32.d6 Nxd1 33.dxc7 Re8 34.Bb5 Rc8 35.Bb6 Nxc3 36.Ba6 Nd5 37.Bxc8 Nxb6
38.Bd7 g5 39.fxg5 f6 40.h4 fxg5 41.hxg5 Kf7 42.Kf2 Kg6 43.Bc6 Kxg5 44.Ke3 a4
45.Kd4 a3 46.Bd5 Kf6 47.Kc5 Nc8 48.Kb4 Ke5 49.Bb3 h4 50.Kxa3 h3 51.Bd1 Kf4
52.Ba4 Ne7 53.Bc6 h2 54.Bh1 Ke5  1/2-1/2

[Event "31st Crespi Memorial"]
[Site "Milan ITA"]
[Date "2010.12.07"]
[Round "4"]
[White "Paleologu,V"]
[Black "Borgo,G"]
[Result "0-1"]
[WhiteElo "2193"]
[BlackElo "2414"]

1.e4 d6 2.d4 Nf6 3.Nc3 Nbd7 4.f3 e5 5.Be3 c6 6.Qd2 b5 7.a3 Qc7 8.d5 a6 9.dxc6 Qxc6
10.g4 h6 11.Nge2 Nb6 12.Ng3 Be6 13.Nf5 Rd8 14.Bxb6 Qxb6 15.Ne3 d5 16.Nexd5 Bxd5
17.Nxd5 Nxd5 18.exd5 Bc5 19.Rd1 Be3 20.Qe2 O-O 21.Rd3 Bf4 22.Qe4 g6 23.Rc3 f5
24.gxf5 gxf5 25.Qb4 Be3 26.Rd3 e4 27.fxe4 fxe4 28.Qxe4 Rde8 29.Qg2+ Kh8 30.Be2 Rf2
31.Qg4 Bg5 32.d6 Rexe2+ 33.Qxe2 Rxe2+ 34.Kxe2 Qc6 35.Rhd1 Qg2+ 36.Ke1 Bh4+
37.Rg3 Qxh2  0-1

[Event "31st Crespi Memorial"]
[Site "Milan ITA"]
[Date "2010.12.07"]
[Round "9"]
[White "Mertens,H"]
[Black "Borgo,G"]
[Result "1/2-1/2"]
[WhiteElo "2320"]
[BlackElo "2414"]

1.e4 d6 2.d4 Nf6 3.Nc3 Nbd7 4.Nf3 e5 5.Bc4 Be7 6.O-O O-O 7.Re1 c6 8.a4 a5
9.h3 h6 10.Ba2 Nh7 11.Ne2 Ng5 12.Nxg5 Bxg5 13.c3 Bxc1 14.Qxc1 Qg5 15.Qxg5 hxg5
16.Ng3 g6 17.Nf1 Re8 18.Nd2 Nb6 19.Nf3 g4 20.Ng5 Re7 21.dxe5 dxe5 22.hxg4 Bxg4
23.f3 Bd7 24.Red1 Be8 25.Rd6 Kg7 26.Kf2 Rd7 27.Rxd7 Nxd7 28.Rh1 Kf6 29.Nh7+ Ke7
30.Ng5 Kf6 31.Nh7+ Kg7 32.Ng5 Nf8 33.Rd1 Kf6 34.Nh3 Ke7 35.Ke3 Nd7 36.Bb3 Nc5
37.Bc2 Bd7 38.Nf2 Be6 39.Ra1 b6 40.b4 Nd7 41.g3 Kd6 42.f4 Rg8 43.Nd3 Rh8
44.Nf2 Bc4 45.Rd1+ Kc7 46.Rh1 Rxh1 47.Nxh1 axb4 48.cxb4 c5 49.bxc5 Nxc5 50.Nf2 Kd6
51.Ng4 Nd7 52.Kd2 f6 53.Ne3 Kc5 54.Kc3 Bf7 55.Bd3 exf4 56.gxf4 g5 57.fxg5 fxg5
58.Nf5 Ne5 59.Bb5 Bg6 60.Ng3 Ng4 61.Be2 Nf6 62.Bd3 Nd7 63.Bb5 Ne5 64.Be2 Be8
65.Bd1 Bc6 66.Bb3 Bb7 67.Bc2 Ba8 68.Bb3 Bb7 69.Bc2 Ba6 70.Bb1 Bc4 71.Bc2 Be6
72.Bd1 Nf7 73.Bc2 Ne5 74.Bd1 Bd7 75.Bc2 Nc6 76.Bb3 Kd6 77.Bd5 Ne7 78.Bb3 Ke5
79.Kd3 Nc6 80.Ke3 Bg4 81.Bd5 Nb4 82.Bb3 Na6 83.Bc2 Nb4 84.Bb3 Nc6 85.Bd5 Nd4
86.Nf1 Nc2+ 87.Kd2 Bh3 88.Nh2 Nd4 89.Ke3 g4 90.Bb7 Ne6 91.Bc8 g3 92.Nf3+ Kd6
93.Nd4 Bg4 94.Nxe6 Ke5 95.Nf4 Bxc8 96.Nd3+ Kd6 97.Kf3 Bd7 98.Nf4 Bc6 99.Kxg3 Bxe4
100.Kf2 Kc5 101.Ke3 Bf5 102.Kd2 Be4 103.Kc3 Bc6 104.Nd3+ Kd6 105.Kb4  1/2-1/2

[Event "London Chess Classic FIDE Open"]
[Site "London ENG"]
[Date "2010.12.08"]
[Round "1"]
[White "Crichton,M"]
[Black "Berry,N"]
[Result "0-1"]
[WhiteElo "1978"]
[BlackElo "2346"]

1.e4 d6 2.d4 Nf6 3.Nc3 e5 4.dxe5 dxe5 5.Qxd8+ Kxd8 6.Bg5 Be6 7.f4 exf4 8.Nge2 Nd7
9.Nxf4 Bb4 10.Nxe6+ fxe6 11.O-O-O Bxc3 12.bxc3 h6 13.Bxf6+ gxf6 14.Be2 Ke7
15.Bf3 Ne5 16.Be2 Rag8 17.g3 h5 18.Rhg1 h4 19.g4 Rg5 20.h3 Nf7 21.Rge1 Rc5
22.Rd3 Ne5 23.Re3 Rd8 24.Rf1 Rd6  0-1

[Event "London Chess Classic FIDE Open"]
[Site "London ENG"]
[Date "2010.12.08"]
[Round "1"]
[White "Roy Chowdhury,S"]
[Black "Burke,J"]
[Result "1-0"]
[WhiteElo "2448"]
[BlackElo "2078"]

1.e4 d6 2.Nc3 Nf6 3.d4 c6 4.f4 Qa5 5.Bd3 e5 6.Nf3 Bg4 7.dxe5 dxe5 8.O-O Nbd7
9.Qe1 Bxf3 10.Rxf3 Bd6 11.Bd2 Qc7 12.f5 Be7 13.Kh1 h5 14.a3 h4 15.b4 Nh5
16.Bc4 Qd8 17.Rd1 Qc7 18.Rd3 Nb6 19.Bb3 Rd8 20.Rxd8+ Bxd8 21.Be3 Be7 22.Ne2 Nf6
23.Nc3 Nh5 24.Qe2 Nf6 25.Qf3 a6 26.h3 Nbd7 27.Bf2 Rh7 28.Kh2 Nh5 29.Ne2 Nf4
30.Nc3 Nh5 31.Qd3 Rh8 32.Bxf7+ Kxf7 33.Qxd7 Qxd7 34.Rxd7 Rd8 35.Rxd8 Bxd8
36.Bc5 Ng3 37.Kg1 Bg5 38.Bf2 Nh5 39.Kf1 Bc1 40.Bxh4 Bxa3 41.Na2 Nf4 42.Bg3 Kf6
43.Kf2 Nh5 44.Bh4+ g5 45.fxg6 Kxg6 46.Kf3 Nf4 47.Bg3 Ne6 48.Bxe5 c5 49.bxc5 Bxc5
50.h4 Bd4 51.Bxd4 Nxd4+ 52.Kf4 Nxc2 53.g4 b5 54.h5+ Kg7 55.e5 b4 56.e6 b3
57.Nc3 Nb4 58.h6+  1-0

[Event "31st Crespi Memorial"]
[Site "Milan ITA"]
[Date "2010.12.08"]
[Round "5"]
[White "Astengo,C"]
[Black "Paleologu,V"]
[Result "0-1"]
[WhiteElo "2139"]
[BlackElo "2193"]

1.e4 d6 2.d4 Nf6 3.Nc3 Nbd7 4.Nf3 e5 5.Bc4 Be7 6.O-O c6 7.a4 Qc7 8.a5 b5
9.axb6 Nxb6 10.Bb3 Bg4 11.d5 cxd5 12.Nxd5 Nbxd5 13.Bxd5 Nxd5 14.Qxd5 O-O
15.c3 Be6 16.Qa5 Qb7 17.Re1 h6 18.Qa6 Rfb8 19.b4 Rc8 20.Ra3 Rc6 21.Be3  0-1

[Event "31st Crespi Memorial"]
[Site "Milan ITA"]
[Date "2010.12.08"]
[Round "6"]
[White "Herman,Ma"]
[Black "Borgo,G"]
[Result "1-0"]
[WhiteElo "2149"]
[BlackElo "2414"]

1.e4 d6 2.d4 Nf6 3.Nc3 Nbd7 4.Nf3 e5 5.Bc4 Be7 6.O-O O-O 7.Re1 c6 8.a4 a5
9.b3 exd4 10.Nxd4 Nb6 11.Bf1 d5 12.e5 Ne8 13.Qh5 g6 14.Qh6 Ng7 15.Bd3 f6
16.Re3 fxe5 17.Rxe5 Bf6 18.Bg5 Bxg5 19.Qxg5 Qxg5 20.Rxg5 Bd7 21.g3 Rae8 22.h4 Re7
23.Nde2 Be8 24.Nf4 Nd7 25.Kf1 Bf7 26.Kg2 Ne5 27.Rf1 Rfe8 28.Rh1 h6 29.Rxe5 Rxe5
30.Nxg6 Re1 31.Rxe1 Rxe1 32.f4 Be6 33.Kf2 Rh1 34.f5 Nxf5 35.Bxf5 Bxf5 36.Ne7+ Kh7
37.Nxf5 Rh2+ 38.Ke3 Rxc2 39.Kd3 Rb2 40.Nd4 c5 41.Nd1 Rb1 42.Kc2 Ra1 43.Ne2 c4
44.bxc4 Ra2+ 45.Nb2 Ra3 46.cxd5 Re3 47.Kd2 Rb3 48.Nc4 b5 49.axb5 Rxb5 50.Nc3 Rc5
51.Kd3 a4 52.d6 Rc8 53.g4 Ra8  1-0

[Event "2nd Pilsen Open"]
[Site "Plzen CZE"]
[Date "2010.12.08"]
[Round "6"]
[White "Palek,M"]
[Black "Farrand,J"]
[Result "1/2-1/2"]
[WhiteElo "2261"]
[BlackElo "2098"]

1.e4 d6 2.d4 Nf6 3.Nc3 Nbd7 4.g3 e5 5.Bg2 c6 6.a4 b6 7.Nge2 Be7 8.h3 h5 9.Be3 Bb7
10.Qd2 a6 11.O-O Qc7 12.f4 b5 13.fxe5 dxe5 14.d5 b4 15.dxc6 Qxc6 16.Nd5 Bc5
17.Bxc5 Qxc5+ 18.Kh2 Bxd5 19.exd5 Ng4+ 20.Kh1 Nf2+ 21.Kh2 Ng4+ 22.Kh1 Nf2+  1/2-1/2

[Event "FSIM November"]
[Site "Budapest HUN"]
[Date "2010.12.09"]
[Round "6"]
[White "Kislik,E"]
[Black "Kholopov,A"]
[Result "1-0"]
[WhiteElo "2334"]
[BlackElo "2309"]

1.e4 d6 2.d4 Nf6 3.Nc3 e5 4.dxe5 dxe5 5.Qxd8+ Kxd8 6.Nf3 Bd6 7.Be3 Be6 8.Ng5 a6
9.f3 Nbd7 10.Rd1 Ke7 11.Nxe6 fxe6 12.Ke2 h6 13.g3 c6 14.Bh3 g5 15.Rd3 Bc5
16.Nd1 Rhd8 17.Bc1 Nf8 18.Nf2 Ng6 19.Rhd1 Bd4 20.b3 Bb6 21.Ba3+ Kf7 22.Ng4 Nxg4
23.Bxg4 Rxd3 24.Rxd3 Rd8 25.Rxd8 Bxd8 26.Bh5 Kf6 27.Bd6 Ne7 28.Be8 Bb6 29.c3 Bg1
30.h3 Bb6 31.f4 exf4 32.e5+ Kf5 33.Bxe7 fxg3 34.Kf3 Kxe5 35.Bd7 a5 36.Kxg3 Bc7
37.Kg4 a4 38.bxa4 Ba5 39.c4 Bd2 40.Bf8 Be3 41.Bxh6  1-0

[Event "II Duchamp GM"]
[Site "Buenos Aires ARG"]
[Date "2010.12.11"]
[Round "1"]
[White "Pierrot,Fac"]
[Black "Rodriguez Vila,A"]
[Result "1/2-1/2"]
[WhiteElo "2439"]
[BlackElo "2556"]

1.e4 d6 2.d4 Nf6 3.Nc3 c6 4.Nf3 Qa5 5.e5 Ne4 6.exd6 Nxc3 7.bxc3 Qxc3+ 8.Bd2 Qa3
9.dxe7 Bxe7 10.Bd3 O-O 11.h3 c5 12.O-O Nc6 13.dxc5 Qxc5 14.Rb1 Qa3 15.Re1 Qxa2
16.Qe2 Qe6 17.Be4 g6 18.Bh6 Rd8 19.Qb5 Qd6 20.Bxc6 bxc6 21.Qe5 Bf8 22.Qxd6 Bxd6
23.Bg5 Rd7 24.Bf6 Ba6 25.Ne5 Rc7 26.Red1 Bf8 27.Nd7 Bg7 28.Bxg7 Kxg7 29.Nc5 Bc8
30.Rd8 a5 31.Ra1 Rca7 32.g4 h5 33.f3 a4 34.Rd6 a3 35.Rxc6 Bb7 36.Nxb7 Rxb7
37.Rc3 a2 38.Rb3 Rxb3 39.cxb3 Kf6 40.f4 Ke6 41.f5+ Kd5 42.fxg6 fxg6 43.gxh5 gxh5
44.Kg2 Kc5 45.Kg3 Kb4 46.Kh4 Kxb3 47.Kxh5 Rh8+ 48.Kg4 Kb2 49.Re1 Re8 50.Rd1 Rd8
51.Re1 Rg8+ 52.Kf4 Rh8 53.Kg4 Rg8+ 54.Kf4 a1=Q 55.Rxa1 Kxa1 56.h4 Kb2 57.h5 Kc3
58.Kf5 Kd4 59.h6 Rf8+ 60.Kg6 Ke5 61.Kg7 Ra8 62.h7 Ra7+ 63.Kg6 Rxh7 64.Kxh7  1/2-1/2

[Event "Moscow Teams"]
[Site "Moscow RUS"]
[Date "2010.12.11"]
[Round "3"]
[White "Janturin,A"]
[Black "Drozdova,D"]
[Result "1/2-1/2"]
[WhiteElo "2424"]
[BlackElo "2199"]

1.e4 d6 2.d4 Nf6 3.Nc3 e5 4.Nf3 Nbd7 5.Bc4 Be7 6.O-O O-O 7.Re1 c6 8.a4 a5
9.h3 Re8 10.dxe5 dxe5 11.Be3 Bb4 12.Qd3 Qe7 13.Ng5 Rf8 14.Re2 h6 15.Nf3 Nc5
16.Bxc5 Bxc5 17.Nd1 Nh5 18.Rd2 Nf4 19.Qb3 Qf6 20.Kh2 Bb4 21.c3 Bc5 22.Ne1 Qg5
23.Qc2 Kh8 24.Bf1 Be6 25.Nd3 Nxd3 26.Bxd3 Rad8 27.Re2 Rd7 28.Ne3 Rfd8 29.Rd1 g6
30.Ree1 Kg7 31.Kh1  1/2-1/2

[Event "TCh-NED"]
[Site "Netherlands NED"]
[Date "2010.12.11"]
[Round "4.4"]
[White "Willemze,T"]
[Black "Orlov,And"]
[Result "1/2-1/2"]
[WhiteElo "2409"]
[BlackElo "2518"]

1.e4 d6 2.d4 Nf6 3.Nc3 e5 4.dxe5 dxe5 5.Qxd8+ Kxd8 6.Bc4 Be6 7.Bxe6 fxe6
8.f3 Nbd7 9.Ke2 a6 10.Nh3 Bd6 11.Be3 Ke7 12.Nb1 h6 13.Nf2 Nh5 14.g3 Nhf6
15.Nd2 b5 16.Nd3 Nb6 17.b3 Nfd7 18.a4 c5 19.f4 c4 20.Nxe5 Bxe5 21.fxe5 cxb3
22.axb5 b2 23.Ra2 axb5 24.Rxb2 Na4 25.Rb3 Rhc8 26.Bd4 Rxc2 27.Rxb5 Nc3+ 28.Bxc3 Rxc3
29.Rhb1 Ra2 30.R1b4 Rcc2 31.Rd4 Rcb2 32.Rxb2 Rxb2 33.Kd3 Nxe5+ 34.Kc3 Ra2
35.Rb4 Kf6 36.Rb8 h5 37.Rf8+ Ke7 38.Rh8 g6 39.Rb8 Kf6 40.Rf8+ Kg7 41.Rf2 g5
42.Kd4 Ng4 43.Re2 Nf6 44.Ke5 Kf7 45.Kd4 Ke7 46.Kd3 Nd7 47.Kd4 Ra4+ 48.Nc4 Nb6
49.Rc2 h4 50.Kd3 Nxc4 51.Rxc4 Ra2 52.Rc2 Rxc2 53.Kxc2 Kd6 54.Kd3 Kc5 55.gxh4 gxh4
56.h3 e5 57.Kc3  1/2-1/2

[Event "Schachbundesliga 2010-11"]
[Site "Hamburg GER"]
[Date "2010.12.12"]
[Round "6"]
[White "Acs,Peter"]
[Black "Rogozenco,D"]
[Result "0-1"]
[WhiteElo "2601"]
[BlackElo "2522"]

1.e4 d6 2.d4 Nf6 3.Nc3 e5 4.dxe5 dxe5 5.Qxd8+ Kxd8 6.Bg5 Nd7 7.O-O-O c6 8.f4 Be7
9.Nf3 Ng4 10.Rd2 f6 11.fxe5 fxg5 12.e6 Kc7 13.exd7 Bxd7 14.Bc4 Bf6 15.Nd1 Rae8
16.Re1 Re7 17.Nf2 Nxf2 18.Rxf2 g4 19.Nd2 Be5 20.g3 h5 21.Nf1 h4 22.gxh4 Rxh4
23.Ree2 g5 24.Rf7 Rxf7 25.Bxf7 g3 26.Nxg3 Bf4+ 27.Kd1 Bg4  0-1

[Event "London Chess Classic FIDE Open"]
[Site "London ENG"]
[Date "2010.12.12"]
[Round "5"]
[White "Hadi,Justin"]
[Black "Spivack,S"]
[Result "0-1"]
[WhiteElo "2043"]
[BlackElo "2189"]

1.e4 d6 2.d4 Nf6 3.Nc3 Nbd7 4.Nf3 e5 5.g4 h6 6.Rg1 exd4 7.Nxd4 Nc5 8.Bc4 Ncxe4
9.Qf3 Nxc3 10.bxc3 d5 11.Bd3 Be6 12.Nxe6 fxe6 13.Bg6+ Kd7 14.Rb1 Bc5 15.Bf4 Bb6
16.g5 hxg5 17.Rxg5 Qe7 18.Qg2 Raf8 19.Be5 Kc8 20.f4 Nd7 21.Qg3 Kb8 22.Bd3 Nxe5
23.Rxe5 Qf6 24.f5 exf5 25.Rxf5 Qxc3+ 26.Ke2 Rxf5  0-1

[Event "London Chess Classic FIDE Open"]
[Site "London ENG"]
[Date "2010.12.12"]
[Round "5"]
[White "Mcintyre,P"]
[Black "Berry,N"]
[Result "0-1"]
[WhiteElo "2119"]
[BlackElo "2346"]

1.e4 d6 2.d4 Nf6 3.Nc3 e5 4.dxe5 dxe5 5.Qxd8+ Kxd8 6.Bg5 Be6 7.O-O-O+ Nd7
8.f4 exf4 9.Nf3 h6 10.Bxf4 Bc5 11.h3 Nh5 12.Bh2 Be3+ 13.Kb1 Bf4 14.Nd4 Bxh2
15.Nxe6+ fxe6 16.Rxh2 Ng3 17.Ne2 Nxe2 18.Bxe2 Ke7 19.Rhh1 Ne5 20.Kc1 Rhf8
21.Rhf1 Rad8 22.Rxd8 Rxd8 23.Rd1 Rxd1+ 24.Kxd1 Kd6 25.Kd2 Nf7 26.Ke3 Ke5
27.c3 Nd6 28.Bd3 c5 29.b3 b5 30.Bc2 a5 31.g3 c4 32.b4 a4 33.a3 Ne8 34.Bd1 Nf6
35.Bf3 g5 36.g4 Nd7 37.Bg2 Nf8 38.Bf1 Ng6 39.Bg2 Nf4 40.Bf1 h5 41.gxh5 Nxh5
42.Bg2 Ng3 43.Bf3 Nf1+ 44.Ke2 Kf4 45.Bg4 Ng3+ 46.Kd1 Ke5 47.Kc2 Nxe4 48.Bf3 Kf4
49.Bg4 e5 50.Bd7 Nd6 51.Kd2 Kf3 52.Bc6+ Kf2  0-1

[Event "17th Open A"]
[Site "Zadar CRO"]
[Date "2010.12.12"]
[Round "1.21"]
[White "Fercec,N"]
[Black "Tomazini,A"]
[Result "1-0"]
[WhiteElo "2491"]
[BlackElo "2284"]

1.e4 d6 2.d4 Nf6 3.Nc3 e5 4.Nge2 c6 5.f3 b5 6.Be3 h5 7.Qd2 Be7 8.O-O-O Qa5
9.b3 Nbd7 10.Kb1 Bb7 11.h4 Qc7 12.Bg5 Nb6 13.Rc1 a6 14.Nd1 c5 15.d5 Bc8 16.Ne3 Bd7
17.g3 Ng8 18.Bxe7 Nxe7 19.f4 f6 20.Bh3 O-O-O 21.Bxd7+ Qxd7 22.f5 Rdg8 23.g4 g6
24.g5 gxf5 25.gxf6 f4 26.fxe7 fxe3 27.Qxe3 Qxe7 28.Ng3 Rg4 29.Nf5 Qd7 30.Rcf1 Rh7
31.Rhg1 Rxg1 32.Qxg1 Kc7 33.Qg6 Nc8 34.Rg1 Qf7 35.Qg5 Ne7 36.Ng7 Kb6 37.Ne6 Rh8
38.Qg7 Rh7 39.Qg2 Rh8 40.Rf1 Qg6 41.Ng5 Rg8 42.Qh3 Rd8 43.Rf7 Nc8 44.Qf3 Rh8
45.a3 a5 46.Kb2 Ka6 47.Qf1 Kb6 48.a4  1-0

[Event "London Chess Classic FIDE Open"]
[Site "London ENG"]
[Date "2010.12.13"]
[Round "6"]
[White "Lenier,J"]
[Black "Chapman,T"]
[Result "1/2-1/2"]
[WhiteElo "2006"]
[BlackElo "2249"]

1.e4 d6 2.d4 Nf6 3.Nc3 e5 4.Nf3 Nbd7 5.Bc4 Be7 6.O-O O-O 7.Re1 c6 8.a4 b6
9.h3 a6 10.Be3 Bb7 11.d5 c5 12.Qd3 Qc7 13.Ne2 Ne8 14.Ng3 g6 15.Ba2 Ng7 16.Bh6 Kh8
17.c4 Nf6 18.Bb1 a5 19.Nh2 Rae8 20.f4 exf4 21.Bxf4 Nd7 22.Nf3 Bf6 23.Ra2 Ne5
24.Qe2 Bc8 25.b3 Qe7 26.Rf1 Nxf3+ 27.Qxf3 Be5 28.Bh6 Qh4 29.Bf4 Bxf4 30.Qxf4 Qxf4
31.Rxf4 Re7 32.Raf2 Ne8 33.Bc2 Kg7 34.Nf1 f6 35.g4 Re5 36.Kg2 h5 37.Nh2 hxg4
38.hxg4 Rg5 39.Kg3 Re5 40.Kg2 Re7 41.Kg3 Rh8 42.Nf1 Rh1 43.Kg2 Rh4 44.Nh2 g5
45.R4f3 Bxg4 46.Nxg4 Rxg4+ 47.Rg3 Rh4 48.Rh3 Rxh3 49.Kxh3 Kf8 50.Kg4 Rh7
51.e5 Rh4+ 52.Kf5 fxe5 53.Kxg5+ Rf4 54.Rxf4+ exf4 55.Kxf4 Ke7 56.Bg6 Nf6
57.Kf5 Nd7 58.Bh5 Ne5 59.Be2 Nf7 60.Bh5 Ne5 61.Be2  1/2-1/2

[Event "London Chess Classic FIDE Open"]
[Site "London ENG"]
[Date "2010.12.13"]
[Round "7"]
[White "Coleman,D"]
[Black "Berry,N"]
[Result "1-0"]
[WhiteElo "2247"]
[BlackElo "2346"]

1.e4 d6 2.d4 Nf6 3.Nc3 e5 4.Nf3 Nbd7 5.Bc4 Be7 6.O-O O-O 7.Qe2 c6 8.a4 a5
9.Rd1 Qb6 10.Ba2 exd4 11.Nxd4 Nc5 12.h3 Be6 13.Qf3 Qb4 14.Qe3 Rae8 15.Bxe6 fxe6
16.b3 e5 17.Nf5 Nfxe4 18.Nxe7+ Rxe7 19.Nxe4 Qxe4 20.Rxd6 Qxe3 21.Bxe3 Ne4
22.Rd3 Ref7 23.f3 Nf6 24.Rad1 e4 25.fxe4 Nxe4 26.Rd4 Nf6 27.c4 Re7 28.R4d3 Rfe8
29.Bb6 Re1+ 30.Rxe1 Rxe1+ 31.Kf2 Rb1 32.Bxa5 Ne4+ 33.Kf3 Nc5 34.Rd8+ Kf7
35.b4 Rb3+ 36.Ke2 Rb2+ 37.Kf1 Rb1+ 38.Kf2 Rb2+ 39.Kg1 Rb1+ 40.Kh2 Nxa4 41.Rd7+ Kg6
42.Rxb7 c5 43.b5 Rc1 44.b6 Rb1 45.Ra7  1-0

[Event "London Chess Classic FIDE Open"]
[Site "London ENG"]
[Date "2010.12.13"]
[Round "7"]
[White "McGowan,D"]
[Black "Willmoth,R"]
[Result "0-1"]
[WhiteElo "2082"]
[BlackElo "2238"]

1.e4 d6 2.d4 Nf6 3.Nc3 c6 4.h3 Qa5 5.Bd3 e5 6.Nf3 Be7 7.O-O O-O 8.Be3 Re8
9.Nd2 b5 10.f4 Nbd7 11.Nf3 Bf8 12.fxe5 dxe5 13.dxe5 Nxe5 14.Nxe5 Rxe5 15.Bd4 b4
16.Nd5 Nxd5 17.exd5 Rxd5 18.Be3 Be6 19.Qf3 Rc8 20.Kh1 Rd7 21.Qe4 g6 22.Qh4 Bg7
23.Bg5 Bxb2 24.Rae1 c5 25.Rxe6 fxe6  0-1

[Event "17th Open A"]
[Site "Zadar CRO"]
[Date "2010.12.13"]
[Round "2.21"]
[White "Bukal,V jr"]
[Black "Sutkovic,D"]
[Result "1/2-1/2"]
[WhiteElo "2390"]
[BlackElo "2356"]

1.d4 d6 2.Nc3 Nf6 3.e4 e5 4.Bg5 Be7 5.dxe5 dxe5 6.Qxd8+ Bxd8 7.Nf3 Nbd7 8.Bc4 O-O
9.O-O b6 10.Rad1 Bb7 11.Bxf6 Nxf6 12.Nxe5 Nxe4 13.Nxe4 Bxe4 14.Rfe1 Bxc2
15.Rc1 Ba4 16.Bd5 c6 17.Nxc6 Bxc6 18.Rxc6 Rb8 19.g3  1/2-1/2

[Event "Bansko Grand Chess Open"]
[Site "Bansko BUL"]
[Date "2010.12.14"]
[Round "3.7"]
[White "Petrov,Marij"]
[Black "Strelnikov,S"]
[Result "1/2-1/2"]
[WhiteElo "2534"]
[BlackElo "2419"]

1.e4 d6 2.d4 Nf6 3.Nc3 e5 4.Nf3 Nbd7 5.Bc4 Be7 6.O-O O-O 7.Re1 c6 8.a4 a5
9.Ba2 Qb6 10.h3 exd4 11.Qxd4 Qxd4 12.Nxd4 Nc5 13.Bf4 g6 14.Rad1 Ne8 15.Nb3 Nxb3
16.Bxb3 Be6 17.Nd5 Bd8 18.Ne3 Bc7 19.Rd3 Kg7 20.Red1 Rb8 21.Ng4 Bxg4 22.hxg4 h6
23.g5 hxg5 24.Bxg5 Nf6 25.Rh3 Ng4 26.Bd2 Rh8 27.Bc3+ f6 28.Be6 Rxh3 29.gxh3 Ne5
30.f4 Nf7 31.Bc4 Re8 32.Bd3 g5 33.Rf1 gxf4 34.Rxf4 Ne5 35.Kg2 Rg8 36.Bxe5 fxe5
37.Rg4+ Kh7 38.Rxg8 Kxg8 39.Kf3 Kg7 40.Kg4 Kg6 41.h4 Bb6 42.h5+ Kf6 43.h6 Kg6
44.h7 Kxh7 45.Kf5 Kh6 46.Ke6 Bc5 47.Kd7 Kg5 48.Kc7 b5 49.axb5 cxb5 50.Bxb5  1/2-1/2

[Event "17th Open A"]
[Site "Zadar CRO"]
[Date "2010.12.15"]
[Round "6.23"]
[White "Somborski,N"]
[Black "Tomazini,A"]
[Result "1/2-1/2"]
[WhiteElo "2386"]
[BlackElo "2284"]

1.e4 d6 2.d4 Nf6 3.Nc3 e5 4.Nf3 Nbd7 5.Bc4 Be7 6.O-O O-O 7.Re1 c6 8.a4 b6
9.d5 cxd5 10.Nxd5 Bb7 11.b3 Rc8 12.Ra2 Nc5 13.Nxf6+ Bxf6 14.Bd5 Qd7 15.h3 Bxd5
16.Qxd5 Ne6 17.c4 Nd4 18.Nxd4 Rc5 19.Nf5 Rxd5 20.cxd5 g6 21.Nh6+ Kh8 22.Rc2 Be7
23.Bd2 f5 24.Rec1 Bd8 25.Rc6 Kg7 26.f3 f4 27.Ng4 h5 28.Nf2 g5 29.Bb4 Rf6
30.Rc8 Rf8 31.R1c6 Rf6 32.Bc3 Rg6 33.b4 Kf7 34.Kf1 Ke7 35.b5 g4 36.fxg4 hxg4
37.Nxg4 Rxg4 38.hxg4 Qxg4 39.Be1 f3 40.gxf3 Qxf3+ 41.Kg1 Qg4+ 42.Kf1 Qf3+
43.Kg1 Qg4+ 44.Kf1 Qf3+  1/2-1/2

[Event "I Jorge Duarte IM"]
[Site "Buenos Aires ARG"]
[Date "2010.12.17"]
[Round "7"]
[White "Villanueva,Mar"]
[Black "Tempone,M"]
[Result "1/2-1/2"]
[WhiteElo "2372"]
[BlackElo "2416"]

1.e4 d6 2.d4 Nf6 3.Nc3 Nbd7 4.Nf3 e5 5.Bc4 Be7 6.O-O O-O 7.Re1 c6 8.a4 b6
9.Bg5 a6 10.d5 c5 11.Rb1 Ne8 12.Be3 g6 13.b4 Ng7 14.bxc5 Nxc5 15.Bf1 Bg4
16.h3 Bxf3 17.Qxf3 f5 18.Bxc5 bxc5 19.Rb7 Rf7 20.exf5 gxf5 21.Reb1 e4 22.Nxe4 fxe4
23.Qxe4 Ne8 24.Qg4+ Kf8 25.Re1 Nc7 26.Rb3 Bf6 27.Rf3 Ra7 28.Bd3 Ne8 29.Bf5 Bg7
30.Rfe3 Be5 31.Kh1 Qf6 32.Bxh7 Rg7 33.Qe2 Raf7 34.Rf3 Qxf3 35.gxf3 Rxh7 36.Rg1 Rxh3+
37.Kg2 Rh2+ 38.Kf1 Bd4 39.Rg2 Rh1+ 40.Rg1 Rxg1+ 41.Kxg1 Nc7 42.Qe4 Be5 43.Kg2 Ke7
44.c4 Rf4 45.Qc2 Rh4 46.Qf5 Rh8 47.f4 Rf8 48.Qg5+ Bf6 49.Qh6 Rf7 50.Kf1 Bg7  1/2-1/2

[Event "Stanitsa Winter 2010"]
[Site "Stanitsa-Luganskaya UKR"]
[Date "2010.12.17"]
[Round "3"]
[White "Biriukov,N"]
[Black "Gutsko,N"]
[Result "1-0"]
[WhiteElo "2361"]
[BlackElo "2287"]

1.e4 d6 2.d4 Nf6 3.Nc3 e5 4.Nf3 exd4 5.Nxd4 Be7 6.Bf4 O-O 7.Qd2 d5 8.Ndb5 c6
9.Nc7 d4 10.Nxa8 dxc3 11.Qxd8 Rxd8 12.bxc3 Nxe4 13.Bd3 Bd6 14.Be3 Nc5 15.Rd1 Nxd3+
16.Rxd3 Bf5 17.Rd2 b6 18.O-O Rd7 19.Rfd1 Be5 20.Bd4 Bf4 21.Be3 Be5 22.c4 Kf8
23.c5 b5 24.f4 Bf6 25.Rxd7 Nxd7 26.Nc7 Be7 27.Na6 h5 28.c3 h4 29.Kf2 Nf6
30.Bd4 Be4 31.Bxf6 Bxf6 32.Re1 Bf5 33.Nb8 Bxc3 34.Rd1 Be4 35.Rd6 a5 36.Nxc6 g6
37.Nb8 Ke7 38.Rd7+ Ke6 39.c6 Bxc6 40.Rd3  1-0

[Event "29th European Blitz"]
[Site "Warsaw POL"]
[Date "2010.12.17"]
[Round "7"]
[White "Andriasian,Z"]
[Black "Vachier Lagrave,M"]
[Result "0-1"]
[WhiteElo "2585"]
[BlackElo "2703"]

1.e4 d6 2.d4 Nf6 3.Nc3 Nbd7 4.f4 e5 5.Nf3 exd4 6.Nxd4 g6 7.Be3 Bg7 8.Bd3 O-O
9.h3 Nc5 10.Qf3 Re8 11.O-O-O Bd7 12.g4 Nxd3+ 13.cxd3 c5 14.Nde2 Bc6 15.g5 Nd7
16.h4 b5 17.h5 b4 18.Nb1 Qa5 19.Rd2 c4 20.Nd4 cxd3 21.Nxc6 Rac8 22.Rc2 Qa4
23.b3 Qa6 24.Nxb4 Rxc2+ 25.Kd1 Qa5 26.Nxd3 Qxa2 27.Nd2 Rc3 28.Ke2 Qa6 29.Bf2 d5
30.e5 Nxe5 31.fxe5 Rxe5+  0-1